Score 0/10 Timer 01:00
5 Plays Today
% Correct
Belle
97.4%
Beast
97.2%
Gaston
95.7%
Mrs. Potts
94.9%
Lumiere
93.4%
Cogsworth
89.4%
Chip
89.2%
LeFou
80.6%
Maurice
80.4%
Phillippe
71.5%

Today's Daily Dose

You're not logged in!

Compare scores with friends on all Sporcle quizzes.
OR
Log In

Sporcle TV

Today on Sporcle TV


Watch our educational content, quiz creation guides, and fun videos on Sporcle TV.

Show Comments

Extras

Top Quizzes Today


Score Distribution

Paid Content

Your Account Isn't Verified!

In order to create a playlist on Sporcle, you need to verify the email address you used during registration. Go to your Sporcle Settings to finish the process.

Report this User

Report this user for behavior that violates our Community Guidelines.

Details: